<?xml version="1.0" encoding="UTF-8"?><?xml-stylesheet type="text/xsl" href="static/style.xsl"?><OAI-PMH xmlns="http://www.openarchives.org/OAI/2.0/" xmlns:xsi="http://www.w3.org/2001/XMLSchema-instance" xsi:schemaLocation="http://www.openarchives.org/OAI/2.0/ http://www.openarchives.org/OAI/2.0/OAI-PMH.xsd"><responseDate>2026-04-13T06:39:41Z</responseDate><request verb="GetRecord" identifier="oai:www.recercat.cat:2099.1/6271" metadataPrefix="marc">https://recercat.cat/oai/request</request><GetRecord><record><header><identifier>oai:recercat.cat:2099.1/6271</identifier><datestamp>2025-07-24T18:16:52Z</datestamp><setSpec>com_2072_1033</setSpec><setSpec>col_2072_452951</setSpec></header><metadata><record xmlns="http://www.loc.gov/MARC21/slim" xmlns:dcterms="http://purl.org/dc/terms/" xmlns:xsi="http://www.w3.org/2001/XMLSchema-instance" xmlns:doc="http://www.lyncode.com/xoai" xsi:schemaLocation="http://www.loc.gov/MARC21/slim http://www.loc.gov/standards/marcxml/schema/MARC21slim.xsd">
   <leader>00925njm 22002777a 4500</leader>
   <datafield ind2=" " ind1=" " tag="042">
      <subfield code="a">dc</subfield>
   </datafield>
   <datafield ind2=" " ind1=" " tag="720">
      <subfield code="a">Saurí Marchán, Sergi</subfield>
      <subfield code="e">author</subfield>
   </datafield>
   <datafield ind2=" " ind1=" " tag="260">
      <subfield code="c">2002-11</subfield>
   </datafield>
   <datafield ind2=" " ind1=" " tag="520">
      <subfield code="a">El objetivo de la presente tesina es la caracterización de las operaciones de carga y descarga de las&#xd;
terminales de contenedores a partir de la definición de unos indicadores de productividad, eficiencia y&#xd;
costes, previo modelado usando la teoría de colas.&#xd;
Una terminal de contenedores puede ser concebida como un sistema integrado por cuatro subsistemas, a&#xd;
saber: la carga-descarga, almacenamiento, recepción y entrega y interconexión. La capacidad de la&#xd;
terminal vendrá dada por la menor de las capacidades de los subsistemas integrantes.&#xd;
Las operaciones inscritas en el conjunto de la zona del muelle para la carga y descarga y el buque&#xd;
portacontenedores pueden analizarse desde la óptica de la teoría de colas. En efecto, los buques son&#xd;
concebidos como una agrupación de las diversas bodegas que lo componen, por lo que equivale a tener un&#xd;
sistema con llegadas en batallón (bulk arrivals). Asimismo, se supone una distribución de llegada de los&#xd;
buques acorde con una Poisson, el tiempo de servicio de los servidores (grúas más mano de obra&#xd;
portuaria) según una distribución exponencial y disciplina FIFO. A partir de estas premisas de determinan&#xd;
los valores</subfield>
   </datafield>
   <datafield tag="653" ind2=" " ind1=" ">
      <subfield code="a">Àrees temàtiques de la UPC::Enginyeria civil</subfield>
   </datafield>
   <datafield tag="653" ind2=" " ind1=" ">
      <subfield code="a">Àrees temàtiques de la UPC::Enginyeria civil::Infraestructures i modelització dels transports</subfield>
   </datafield>
   <datafield tag="653" ind2=" " ind1=" ">
      <subfield code="a">Horbours</subfield>
   </datafield>
   <datafield tag="653" ind2=" " ind1=" ">
      <subfield code="a">Ships</subfield>
   </datafield>
   <datafield tag="653" ind2=" " ind1=" ">
      <subfield code="a">Ports</subfield>
   </datafield>
   <datafield tag="653" ind2=" " ind1=" ">
      <subfield code="a">Contenidors -- Terminals -- Gestió i control</subfield>
   </datafield>
   <datafield ind2="0" ind1="0" tag="245">
      <subfield code="a">Operaciones y colas de los barcos en los puertos</subfield>
   </datafield>
   <datafield ind2="0" ind1="0" tag="245">
      <subfield code="a">Operations and queues of ships in horbour</subfield>
   </datafield>
</record></metadata></record></GetRecord></OAI-PMH>